Monitoreo y manejo del venado cola blanca (Registro nro. 20688)

Detalles MARC
000 -CABECERA
Campo de control 01102nam a22002657a 4500
005 - FECHA Y HORA DE LA ULTIMA TRANSACCION
Campo de control 20200103111332.0
008 - ELEMENTOS DE LONGITUD FIJA—INFORMACION GENERAL
Campo de control 200103b xxu||||| |||| 00| 0 spa d
020 ## - ISBN
ISBN 9786074877670
040 ## - FUENTE DE CATALOGACIÓN
Agencia catalogadora original CO-BoIAVH
Agencia transcriptora CO-BoIAVH
041 ## - IDIOMA
Código de idioma para texto/pista de sonido o título separado Español
044 ## - PAÍS DE PUBLICACIÓN
País de publicación México
082 ## - NUMERO DE CLASIFICACION DECIMAL DEWEY
Número de clasificación 599.652
Número del ítem G13m
100 ## - ASIENTO PRINCIPAL--NOMBRE PERSONAL
9 (RLIN) 102244
Nombre personal Gallina Tessaro, Sonia A
Término relacionado Editora
245 ## - MENCION DE TITULO
Título Monitoreo y manejo del venado cola blanca
Parte restante del título "Conceptos y métodos"
Mención de responsabilidad Sonia Gallina Tessaro, Salvador Mandujano y Oscar Villarreal; editores
260 ## - PUBLICACION, DISTRIBUCION, ETC. (PIE DE IMPRENTA)
Lugar de publicación, distribución, etc. Veracruz,
Nombre del editor, distribuidor, etc. Instituto de ecología,
-- Benemérita Universidad Autónoma de Puebla, Facultad de Medicina Veterinaria y Zootécnica,
Fecha de publicación, distribución, etc. 2014
300 ## - DESCRIPCION FISICA
Extensión 218 páginas
Otros detalles físicos Gráficas y fotografías a blanco y negro
Dimensiones 22 x 15 cm
504 ## - NOTA DE BIBLIOGRAFIA, ETC.
Nota de bibliografía Bibliografía (páginas 199 - 218)
650 #0 - ASIENTO SECUNDARIO DE MATERIA - TERMINO TEMATICO
9 (RLIN) 49528
Término temático o nombre geográfico como elemento de entrada Venado de cola blanca
Subdivisión geográfica México
650 #0 - ASIENTO SECUNDARIO DE MATERIA - TERMINO TEMATICO
Término temático o nombre geográfico como elemento de entrada Habitat - ecología
9 (RLIN) 28789
650 #0 - ASIENTO SECUNDARIO DE MATERIA - TERMINO TEMATICO
9 (RLIN) 9078
Término temático o nombre geográfico como elemento de entrada Manejo de vida silvestre
651 #0 - ASIENTO SECUNDARIO DE MATERIA - NOMBRE GEOGRAFICO
9 (RLIN) 66142
Nombre geográfico México
700 ## - ASIENTO SECUNDARIO - NOMBRE PERSONAL
Nombre personal Mandujano, Salvador
Término de relación editor
9 (RLIN) 94785
700 ## - ASIENTO SECUNDARIO - NOMBRE PERSONAL
Nombre personal Villarreal Espino Barros, Oscar A
Término de relación editor
9 (RLIN) 102245
942 ## - ELEMENTOS ADICIONALES (KOHA)
Sistema de clasificación Dewey Decimal Classification
Tipo de ítem Libro
Existencias
Withdrawn status Lost status Sistema de Clasificación Damaged status No para préstamo Colección Ubicación Permanente Ubicación actual Fecha de adquisición Total Checkouts Número topográfico Inventario / Código de Barras Date last seen Ejemplar Price effective from Forma de adquisición Tipo de material
    Dewey Decimal Classification     General Bogotá Bogotá 03/01/2020   LB-599.652 G13m 043972 03/01/2020 Ej. 1 03/01/2020 Donación Libro